Rozpoznaj znanego aktora po zdjęciu #1 - Statystyki

Ogólne statystyki
  • Ten quiz został rozwiązany 79 razy
  • Średni wynik to 10 z 20
Statystyki odpowiedzi
Obrazkowy Odpowiedź % Poprawnych
Leonardo DiCaprio
100%
Tom Hanks
88%
Robert Downey Jr.
80%
Cillian Murphy
69%
Anthony Hopkins
68%
Clint Eastwood
68%
Jack Nicholson
66%
Al Pacino
61%
Joaquin Phoenix
61%
Heath Ledger
46%
Alan Rickman
44%
Christoph Waltz
36%
Louis de Funes
36%
Ian McKellen
34%
Joe Pesci
27%
Bryan Cranston
25%
Bob Odenkirk
24%
Daniel Day-Lewis
24%
Jonathan Banks
10%
Travis Fimmel
8%
Nie znaleziono quizów pasujących do podanych kryteriów
Rozkład punktacji
Procent ludzi z każdym wynikiem
Percentyl według liczby udzielonych odpowiedzi
Twoja historia wyników
Nie rozwiązałeś tego quizu